| 000 | 00427 a2200145 4500 | ||
|---|---|---|---|
| 005 | 20250317093429.0 | ||
| 020 | _a0-458-80-340-5 | ||
| 082 | _a351.009 BOR | ||
| 100 | _aBORINGS,N.F | ||
| 245 | _aInvestments in Failure: Five Government Corporations that Cost the Canadian Taxpayer Billions. | ||
| 260 |
_aNew York, _bMethuen, _c1986. |
||
| 300 |
_ax,175p.:Ill.;tables. _bIndex. _c22cm. |
||
| 700 | _aLEE,BROWN. | ||
| 942 |
_2ddc _cBKS |
||
| 999 |
_c745 _d745 |
||